000 00413nam a2200169Ia 4500
003 LK-CoDNM
008 010623t1916 xxu||||| |||| 00| 1 sin d
040 _aLK-CoDNM
_dLK-CoDNM
_eLK-CoDNM
041 _asin
080 _a104 B 23
100 _aAriyawansa Thero,
_eed.
245 _aමරණ සමර
246 _aMarana Samara
260 _bWijaya
_aAmbalangoda
_c1916
300 _b12p, 16 cm
942 _cBK
999 _c88940
_d88940